Normal view MARC view
  • Dean, John A.

Entry Personal Name

Number of records used in: 5

001 - CONTROL NUMBER

  • control field: 282

003 - CONTROL NUMBER IDENTIFIER

  • control field: NUST

005 - DATE AND TIME OF LATEST TRANSACTION

  • control field: 20170510124434.0

008 - FIXED-LENGTH DATA ELEMENTS

  • fixed length control field: 170510|| aca||aabn | a|a d

040 ## - CATALOGING SOURCE

  • Original cataloging agency: NUST
  • Transcribing agency: NUST

100 ## - HEADING--PERSONAL NAME

  • Personal name: Dean, John A.
  • Fuller form of name: (John Aurie),
  • Dates associated with a name: 1921-2001.

670 ## - SOURCE DATA FOUND

  • Source citation: Work cat.: (NUST)0: Lange's handbook of chemistry., ©1973-
© 2023 Central Library, National University of Sciences and Technology. All Rights Reserved.